All Premier League Assists 2021/22 - Statistics

General Stats
  • This quiz has been taken 74 times
    51 since last reset
  • The average score is 132 of 263
Answer Stats
Club Nation Assists Player % Correct
Burnley Wales 1 Connor Roberts
96%
Wolves Portugal 1 Jose Sa
96%
Leeds United Wales 1 Tyler Roberts
96%
Liverpool Scotland 10 Andrew Robertson
92%
Liverpool England 5 Jordan Henderson
92%
Liverpool Egypt 11 Mohamed Salah
92%
Liverpool Senegal 1 Sadio Mane
92%
Liverpool England 12 Trent Alexander-Arnold
92%
Arsenal France 7 Alexandre Lacazette
88%
Arsenal England 5 Bukayo Saka
88%
Chelsea United States 1 Christian Pulisic
88%
Leeds United Wales 4 Daniel James
88%
Manchester City Brazil 7 Gabriel Jesus
88%
Arsenal Switzerland 2 Granit Xhaka
88%
Chelsea Italy 2 Jorginho
88%
Arsenal Norway 3 Martin Odegaard
88%
Chelsea England 8 Mason Mount
88%
Chelsea Croatia 5 Mateo Kovacic
88%
Arsenal Gabon 1 Pierre-Emerick Aubameyang
88%
Chelsea England 6 Reece James
88%
Liverpool Brazil 3 Roberto Firmino
88%
Manchester City Spain 1 Rodri
88%
Arsenal Japan 1 Takehiro Tomiyasu
88%
Liverpool Netherlands 1 Virgil Van Dijk
88%
Chelsea Spain 2 Cesar Azpilicueta
83%
Aston Villa Argentina 4 Emiliano Buendia
83%
Liverpool Brazil 1 Fabinho
83%
Arsenal Brazil 3 Gabriel Martinelli
83%
Chelsea Morocco 2 Hakim Ziyech
83%
Liverpool Cameroon 2 Joel Matip
83%
Manchester City Belgium 3 Kevin De Bruyne
83%
Arsenal Egypt 1 Mohamed Elneny
83%
Liverpool Guinea 1 Naby Keita
83%
Chelsea France 4 N'Golo Kante
83%
Manchester City Portugal 3 Ruben Dias
83%
Liverpool Spain 2 Thiago Alcantara
83%
Arsenal Ghana 1 Thomas Partey
83%
Liverpool Brazil 1 Alisson
79%
Manchester City Portugal 3 Bernardo Silva
79%
Norwich City England 1 Brandon Williams
79%
Manchester United Portugal 6 Bruno Fernandes
79%
Manchester United Portugal 3 Cristiano Ronaldo
79%
Aston Villa England 5 Danny Ings
79%
Aston Villa Brazil 3 Douglas Luiz
79%
Manchester City Portugal 6 Joao Cancelo
79%
Chelsea Germany 2 Kai Havertz
79%
Liverpool Greece 2 Kostas Tsimikas
79%
Aston Villa Poland 3 Matty Cash
79%
Liverpool Wales 1 Neco Williams
79%
Aston Villa England 1 Ollie Watkins
79%
Manchester City England 3 Raheem Sterling
79%
Manchester City Algeria 4 Riyad Mahrez
79%
Liverpool England 1 Curtis Jones
75%
Liverpool Portugal 1 Diogo Jota
75%
Manchester United Brazil 4 Fred
75%
Tottenham Hotspur England 8 Harry Kane
75%
Tottenham Hotspur South Korea 6 Heung-Min Son
75%
Manchester City Germany 4 Ilkay Gundogan
75%
Manchester City England 2 Jack Grealish
75%
Liverpool England 1 James Milner
75%
Arsenal Scotland 3 Kieran Tierney
75%
Manchester City England 2 Kyle Walker
75%
Manchester United England 2 Marcus Rashford
75%
Arsenal Ivory Coast 1 Nicolas Pepe
75%
Manchester City Ukraine 1 Oleksandr Zinchenko
75%
Manchester City England 3 Phil Foden
75%
Chelsea Germany 1 Timo Werner
75%
Leicester City England 6 Harvey Barnes
71%
Brentford England 4 Ivan Toney
71%
Leicester City England 2 Jamie Vardy
71%
Aston Villa Scotland 2 John McGinn
71%
Aston Villa Jamaica 2 Leon Bailey
71%
Chelsea Spain 3 Marcos Alonso
71%
Aston Villa Brazil 3 Philippe Coutinho
71%
Aston Villa England 3 Tyrone Mings
71%
Chelsea England 1 Ben Chilwell
67%
Tottenham Hotspur Wales 1 Ben Davies
67%
West Ham United England 4 Declan Rice
67%
Tottenham Hotspur Sweden 6 Dejan Kulusevski
67%
Arsenal England 1 Eddie Nketiah
67%
Arsenal England 2 Emile Smith Rowe
67%
Southampton England 4 James Ward-Prowse
67%
Manchester United England 3 Luke Shaw
67%
Manchester United France 9 Paul Pogba
67%
Everton Brazil 4 Richarlison
67%
Crystal Palace Ivory Coast 1 Wilfried Zaha
67%
Brentford France 7 Bryan Mbeumo
63%
Everton England 1 Dominic Calvert-Lewin
63%
Manchester City Brazil 1 Fernandinho
63%
Leicester City England 5 James Maddison
63%
Manchester United Scotland 1 Scott McTominay
63%
Manchester United Sweden 2 Victor Lindelof
63%
Liverpool England 1 Alex Oxlade-Chamberlain
58%
Newcastle United France 3 Allan Saint-Maximin
58%
Manchester United England 3 Jadon Sancho
58%
Crystal Palace Denmark 3 Joachim Andersen
58%
Liverpool England 1 Joe Gomez
58%
Leeds United England 1 Kalvin Phillips
58%
Tottenham Hotspur Brazil 5 Lucas Moura
58%
West Ham United Jamaica 7 Michail Antonio
58%
Arsenal Portugal 1 Nuno Tavares
58%
Tottenham Hotspur Denmark 2 Pierre-Emile Hojbjerg
58%
Leeds United Brazil 3 Raphinha
58%
Brentford Denmark 2 Christian Eriksen
54%
Tottenham Hotspur England 1 Harry Winks
54%
Aston Villa England 1 Jacob Ramsey
54%
Aston Villa France 1 Lucas Digne
54%
Tottenham Hotspur Ireland 4 Matt Doherty
54%
Manchester United Serbia 2 Nemanja Matic
54%
Brighton & Hove Albion Germany 3 Pascal Gross
54%
Wolves Mexico 3 Raul Jimenez
54%
Leeds United Spain 1 Rodrigo
54%
Tottenham Hotspur Uruguay 1 Rodrigo Bentancur
54%
Chelsea England 2 Ruben Loftus-Cheek
54%
Crystal Palace England 2 Tyrick Mitchell
54%
Southampton Scotland 3 Che Adams
50%
Tottenham Hotspur Brazil 1 Emerson Royal
50%
Manchester City Spain 1 Ferran Torres
50%
Watford Senegal 2 Ismaila Sarr
50%
Crystal Palace Ghana 3 Jordan Ayew
50%
Leicester City Nigeria 5 Kelechi Iheanacho
50%
Brighton & Hove Albion Belgium 1 Leandro Trossard
50%
Brighton & Hove Albion France 2 Neal Maupay
50%
Leeds United England 2 Patrick Bamford
50%
Wolves Portugal 2 Ruben Neves
50%
Tottenham Hotspur Spain 3 Sergio Reguilon
50%
Norwich City Finland 3 Teemu Pukki
50%
Chelsea England 1 Trevoh Chalobah
50%
Leicester City Belgium 2 Youri Tielemans
50%
Everton Nigeria 1 Alex Iwobi
46%
Manchester United Sweden 1 Anthony Elanga
46%
Everton England 2 Anthony Gordon
46%
Chelsea England 2 Callum Hudson-Odoi
46%
Crystal Palace England 3 Conor Gallagher
46%
Everton England 2 Demarai Gray
46%
Wolves South Korea 1 Hwang Hee-Chan
46%
Leeds United England 1 Jack Harrison
46%
Crystal Palace France 1 Jean-Philippe Mateta
46%
Crystal Palace Ghana 1 Jeffrey Schlupp
46%
Leicester City Northern Ireland 1 Jonny Evans
46%
Aston Villa England 1 Matt Targett
46%
Crystal Palace France 5 Michael Olise
46%
Crystal Palace France 3 Odsonne Edouard
46%
Leicester City Portugal 2 Ricardo Pereira
46%
Tottenham Hotspur Netherlands 1 Steven Bergwijn
46%
West Ham United Czech Republic 1 Tomas Soucek
46%
West Ham United England 3 Aaron Cresswell
42%
Brighton & Hove Albion Argentina 2 Alexis Mac Allister
42%
Aston Villa Netherlands 1 Anwar El Ghazi
42%
Crystal Palace Senegal 1 Cheikhou Kouyate
42%
Crystal Palace Belgium 1 Christian Benteke
42%
Watford Nigeria 5 Emmanuel Dennis
42%
Newcastle United Switzerland 2 Fabian Schar
42%
Burnley England 2 James Tarkowski
42%
West Ham United England 8 Jarrod Bowen
42%
Burnley England 2 Jay Rodriguez
42%
Wolves Portugal 1 Joao Moutinho
42%
Newcastle United Brazil 1 Joelinton
42%
West Ham United Argentina 3 Manuel Lanzini
42%
Leicester City England 1 Marc Albrighton
42%
Burnley Ivory Coast 1 Maxwel Cornet
42%
Leicester City Zambia 3 Patson Daka
42%
West Ham United Czech Republic 3 Vladimir Coufal
42%
Brighton & Hove Albion Mali 1 Yves Bissouma
42%
Everton Mali 4 Abdoulaye Doucoure
38%
Manchester United Brazil 3 Alex Telles
38%
Leicester City Spain 3 Ayoze Perez
38%
Brentford Denmark 2 Christian Norgaard
38%
Burnley England 1 Dwight McNeil
38%
Manchester United Uruguay 1 Edinson Cavani
38%
Southampton England 2 Kyle Walker-Peters
38%
Leeds United England 2 Luke Ayling
38%
Manchester United England 1 Mason Greenwood
38%
Brentford Denmark 1 Mathias Jensen
38%
Everton England 2 Michael Keane
38%
Brighton & Hove Albion Ecuador 1 Moises Caicedo
38%
West Ham United Spain 2 Pablo Fornals
38%
Manchester United France 1 Raphael Varane
38%
West Ham United Algeria 6 Said Benrahma
38%
Leeds United England 2 Sam Greenwood
38%
Tottenham Hotspur France 1 Tanguy Ndombele
38%
Burnley Netherlands 2 Wout Weghorst
38%
Southampton England 2 Adam Armstrong
33%
Brighton & Hove Albion England 1 Adam Lallana
33%
Everton Brazil 2 Allan
33%
Brighton & Hove Albion Zambia 4 Enock Mwepu
33%
Brentford Norway 3 Kristoffer Ajer
33%
Wolves Belgium 2 Leander Dendoncker
33%
Leeds United Poland 2 Mateusz Klich
33%
Norwich City England 1 Max Aarons
33%
Wolves Portugal 1 Nelson Semedo
33%
Brentford Sweden 1 Pontus Jansson
33%
Brentford Spain 2 Sergi Canos
33%
Crystal Palace England 1 Will Hughes
33%
Everton Portugal 1 Andre Gomes
29%
Newcastle United England 1 Dan Burn
29%
Crystal Palace Scotland 2 James McArthur
29%
Watford Norway 3 Joshua King
29%
Leeds United Scotland 1 Liam Cooper
29%
Brighton & Hove Albion Spain 1 Marc Cucurella
29%
Burnley Czech Republic 2 Matej Vydra
29%
Southampton Spain 1 Oriol Romeu
29%
Newcastle United Scotland 3 Ryan Fraser
29%
Newcastle United England 1 Sean Longstaff
29%
Brighton & Hove Albion England 1 Solly March
29%
Leeds United Northern Ireland 1 Stuart Dallas
29%
Brighton & Hove Albion England 2 Tariq Lamptey
29%
Southampton England 1 Tino Livramento
29%
Burnley England 3 Ashley Westwood
25%
Aston Villa England 2 Ashley Young
25%
Newcastle United Ireland 1 Ciaran Clark
25%
West Ham United England 2 Craig Dawson
25%
Watford Colombia 2 Cucho Hernandez
25%
Wolves Portugal 3 Daniel Podence
25%
Brentford Jamaica 1 Ethan Pinnock
25%
West Ham United France 1 Issa Diop
25%
Brighton & Hove Albion Poland 3 Jakub Moder
25%
Newcastle United Spain 2 Javier Manquillo
25%
Norwich City United States 1 Josh Sargent
25%
Leicester City England 2 Kiernan Dewsbury-Hall
25%
Newcastle United Scotland 2 Matt Ritchie
25%
Southampton Norway 2 Mohamed Elyounoussi
25%
Southampton England 5 Nathan Redmond
25%
Tottenham Hotspur England 1 Ryan Sessegnon
25%
Everton England 2 Andros Townsend
21%
West Ham United DR Congo 1 Arthur Masuaku
21%
Norwich City Scotland 1 Billy Gilmour
21%
Burnley England 2 Charlie Taylor
21%
Newcastle United Sweden 1 Emil Krafth
21%
Watford Brazil 1 Joao Pedro
21%
Brighton & Hove Albion Netherlands 1 Joel Veltman
21%
Burnley Iceland 1 Johann Gudmundsson
21%
Burnley England 1 Josh Brownhill
21%
Leeds United Spain 1 Junior Firpo
21%
Burnley England 2 Matthew Lowton
21%
Norwich City Kosovo 2 Milot Rashica
21%
Leicester City France 1 Boubakary Soumare
17%
Southampton France 2 Ibrahima Diallo
17%
Newcastle United England 1 Jonjo Shelvey
17%
Watford Slovakia 1 Juraj Kucka
17%
Leicester City England 1 Luke Thomas
17%
Watford France 1 Moussa Sissoko
17%
Wolves France 2 Rayan Ait-Nouri
17%
Brentford Iran 1 Saman Ghoddos
17%
Norwich City Ireland 1 Adam Idah
13%
Aston Villa England 1 Carney Chukwuemeka
13%
Wolves Portugal 1 Francisco Trincao
13%
Leeds United England 1 Joe Gelhardt
13%
Brentford Denmark 1 Mads Roerslev
13%
Brentford Finland 1 Marcus Forss
13%
Southampton France 1 Romain Perraud
13%
Leeds United England 1 Adam Forshaw
8%
Watford England 1 Ben Foster
8%
Wolves Portugal 1 Chiquinho
8%
Watford Northern Ireland 1 Craig Cathcart
8%
Newcastle United England 1 Jacob Murphy
8%
Norwich City England 1 Jonathan Rowe
8%
Everton England 1 Jonjoe Kenny
8%
Norwich City England 1 Kieran Dowell
8%
Watford England 2 Tom Cleverley
8%
Norwich City Greece 1 Dimitris Giannoulis
4%
Watford Spain 5 Kiko Femenia
4%
Norwich City Norway 2 Mathias Normann
4%
No matching quizzes found
Score Distribution
Percent of People with Each Score
Percentile by Number Answered
Your Score History
You have not taken this quiz since the last reset